000 00953nmc a2200325 a 4500
003 AR-BaBNM
005 20251128210243.0
008 249019s1998 ||||||||||||||000 | spa||
020 _a84-7112-420-3
040 _cAR-BaBNM
100 1 _aThornton, Stephanie
245 1 0 _aLa resolución infantil de problemas
260 _aMadrid
_bEdiciones Morata
_c1998
300 _a167 p.
_bil.
490 0 _aEl desarrollo en el niño
_vv. 22
500 _aLecturas recomendadas p. 158
500 _aContiene índice de autores y materias p. 161-164
650 4 _aPSICOLOGIA DE LA EDUCACION
650 4 _aSOLUCION DE PROBLEMAS
650 4 _aPROCESO DEL PENSAMIENTO
650 4 _aPENSAMIENTO LOGICO
650 4 _aPSICOLOGIA DEL NINO
653 _aEDUCACION INICIAL
700 1 _aAmo, Tomás del
_etraductor
800 1 _aBruner, Jerome S.
800 1 _aCole, Michael
800 1 _aKarmiloff-Smith, Annette
942 _cBK
998 _cRaquel
999 _c14659
_d14659